Statistiques concernant Les 100 plus gros Transferts de la Liga (Départs)

Cliquez ici pour prendre le quiz!

Statistiques générales

  • Ce quiz a été pris 1 431 fois
    (321 depuis la dernière actualisation)
  • Le résultat moyen est 44 sur 100

Statistiques - réponses

RangSaisonClub de DépartClub d'ArrivéeMontantRéponse% Correct
7114/15Real SociedadAtlético Madrid30 000 000 €Antoine Griezmann
100%
219/20Atlético MadridFC Barcelone120 000 000 €Antoine Griezmann
100%
318/19Real MadridJuventus Turin117 000 000 €Cristiano Ronaldo
100%
117/18FC BarceloneParis SG220 000 000 €Neymar
100%
8797/98FC BarceloneInter Milan26 500 000 €Ronaldo
96%
822/23Real MadridManchester United70 650 000 €Casemiro
85%
419/20Atlético MadridBayern Munich80 000 000 €Lucas Hernandez
83%
1300/01FC BarceloneReal Madrid60 000 000 €Luis Figo
79%
1219/20Atlético MadridManchester City62 700 000 €Rodri
78%
922/23Real SociedadNewcastle United70 000 000 €Alexander Isak
76%
714/15Real MadridManchester United75 000 000 €Angel Di Maria
76%
620/21FC BarceloneJuventus Turin76 000 000 €Arthur
75%
1117/18Athletic BilbaoManchester City65 000 000 €Aymeric Laporte
73%
1522/23FC SévilleFC Barcelone50 000 000 €Jules Koundé
72%
518/19Athletic BilbaoChelsea FC80 000 000 €Kepa Arrizabalaga
72%
2921/22Real MadridManchester United40 000 000 €Raphaël Varane
72%
1017/18Real MadridChelsea FC66 000 000 €Alvaro Morata
71%
2213/14Atlético MadridAS Monaco43 000 000 €Radamel Falcao
68%
5020/21FC ValenceManchester City33 500 000 €Ferran Torres
67%
5223/24Villarreal CFAston Villa33 000 000 €Pau Torres
66%
3907/08Atlético MadridFC Liverpool38 000 000 €Fernando Torres
65%
1813/14Real MadridArsenal FC47 000 000 €Mesut Ozil
61%
3119/20FC BarceloneZenit St-Petersbourg40 000 000 €Malcom
59%
1620/21Atlético MadridArsenal FC50 000 000 €Thomas Partey
58%
2120/21Real MadridInter Milan43 000 000 €Achraf Hakimi
57%
9709/10Real MadridBayern Munich25 000 000 €Arjen Robben
56%
2518/19FC BarceloneGZ Evergrande42 000 000 €Paulinho
56%
1919/20Real MadridChelsea FC45 000 000 €Mateo Kovacic
55%
7510/11FC ValenceManchester City28 750 000 €David Silva
54%
3312/13Athletic BilbaoBayern Munich40 000 000 €Javi Martinez
54%
5817/18Real SociedadAthletic Bilbao32 000 000 €Inigo Martinez
53%
4621/22Real MadridArsenal FC35 000 000 €Martin Odegaard
53%
1423/24Atlético MadridWolverhampton50 000 000 €Matheus Cunha
53%
2414/15FC BarceloneArsenal FC42 500 000 €Alexis Sanchez
52%
2615/16Atlético MadridGZ Evergrande42 000 000 €Jackson Martinez
52%
3510/11FC ValenceFC Barcelone40 000 000 €David Villa
51%
3613/14Real MadridSSC Naples39 000 000 €Gonzalo Higuain
51%
6817/18Atlético MadridDalian Yifang30 000 000 €Yannick Carrasco
51%
8305/06FC SévilleReal Madrid27 000 000 €Sergio Ramos
50%
3019/20FC SévilleAS Monaco40 000 000 €Wissam Ben Yedder
49%
3814/15Atlético MadridChelsea FC38 000 000 €Diego Costa
48%
4800/01Real MadridParis SG34 500 000 €Nicolas Anelka
48%
3411/12Atlético MadridManchester City40 000 000 €Sergio Agüero
48%
7213/14Malaga CFReal Madrid30 000 000 €Isco
45%
5314/15FC BarceloneChelsea FC33 000 000 €Cesc Fabregas
44%
2818/19FC ValenceJuventus Turin40 400 000 €Joao Cancelo
44%
2308/09Real MadridManchester City43 000 000 €Robinho
43%
8404/05RCD MallorqueFC Barcelone27 000 000 €Samuel Eto'o
42%
4116/17FC ValenceFC Barcelone37 000 000 €André Gomes
41%
9219/20FC BarceloneFC Everton25 000 000 €André Gomes
41%
4508/09FC SévilleFC Barcelone35 500 000 €Dani Alves
41%
9316/17Real MadridParis SG25 000 000 €Jesé
40%
6519/20Real MadridAtlético Madrid30 000 000 €Marcos Llorente
38%
4023/24Villarreal CFChelsea FC37 000 000 €Nicolas Jackson
38%
5422/23FC ValenceWolverhampton32 600 000 €Gonçalo Guedes
36%
5620/21FC BarceloneWolverhampton32 000 000 €Nelson Semedo
35%
4214/15Athletic BilbaoManchester United36 000 000 €Ander Herrera
33%
4318/19FC SévilleFC Barcelone35 900 000 €Clément Lenglet
33%
2015/16FC ValenceManchester City44 500 000 €Nicolas Otamendi
33%
8215/16FC BarceloneChelsea FC27 000 000 €Pedro
33%
5520/21Betis SévilleTottenham Hotspur32 000 000 €Giovani Lo Celso
32%
9413/14FC BarceloneBayern Munich25 000 000 €Thiago Alcantara
32%
7410/11FC BarceloneManchester City30 000 000 €Yaya Touré
31%
4915/16Atlético MadridFC Barcelone34 000 000 €Arda Turan
30%
7723/24UD AlmeriaAtalanta BC28 000 000 €El Bilal Touré
30%
6320/21FC ValenceLeeds United30 000 000 €Rodrigo
30%
6917/18Real MadridManchester City30 000 000 €Danilo
29%
9611/12Atlético MadridManchester United25 000 000 €David de Gea
29%
6122/23FC SévilleAston Villa31 000 000 €Diego Carlos
29%
8511/12FC ValenceChelsea FC26 700 000 €Juan Mata
29%
6013/14Real SociedadReal Madrid32 000 000 €Asier Illaramendi
28%
3217/18Villarreal CFBeijing Guoan40 000 000 €Cédric Bakambu
28%
3716/17Villarreal CFManchester United38 000 000 €Eric Bailly
27%
6218/19FC BarceloneFC Everton30 250 000 €Yerry Mina
26%
8116/17FC SévilleParis SG27 500 000 €Grzegorz Krychowiak
25%
5916/17FC SévilleAtlético Madrid32 000 000 €Kévin Gameiro
25%
9513/14FC SévilleManchester City25 000 000 €Alvaro Negredo
24%
5718/19Real SociedadReal Madrid32 000 000 €Alvaro Odriozola
24%
9021/22FC BarceloneTottenham Hotspur25 000 000 €Emerson
24%
2716/17FC ValenceArsenal FC41 000 000 €Shkodran Mustafi
22%
6718/19Betis SévilleSSC Naples30 000 000 €Fabian Ruiz
21%
4719/20FC BarceloneFC Valence35 000 000 €Jasper Cillessen
21%
8921/22FC SévilleTottenham Hotspur25 000 000 €Bryan Gil
19%
6619/20Atlético MadridAS Monaco30 000 000 €Gelson Martins
19%
9905/06Real MadridNewcastle United25 000 000 €Michael Owen
19%
8819/20FC ValenceFC Barcelone26 000 000 €Neto
19%
6420/21Real MadridTottenham Hotspur30 000 000 €Sergio Reguilon
19%
1701/02FC ValenceLazio Rome48 000 000 €Gaizka Mendieta
17%
7016/17FC ValenceFC Barcelone30 000 000 €Paco Alcacer
17%
4417/18FC SévilleAtlético Madrid35 600 000 €Vitolo
16%
5115/16FC SévilleAC Milan33 300 000 €Carlos Bacca
15%
9119/20Espanyol BarceloneAtlético Madrid25 000 000 €Mario Hermoso
15%
7919/20Espanyol BarceloneBetis Séville28 000 000 €Borja Iglesias
14%
9806/07Betis SévilleFC Valence25 000 000 €Joaquin
13%
7819/20Villarreal CFWest Ham United28 000 000 €Pablo Fornals
12%
7313/14FC ValenceTottenham Hotspur30 000 000 €Roberto Soldado
12%
8618/19FC SévilleAS Rome26 650 000 €Steven Nzonzi
10%
8018/19UD LevanteAFC Bournemouth28 000 000 €Jefferson Lerma
8%
7698/99Atlético MadridLazio Rome28 410 000 €Christian Vieri
7%
10000/01Deportivo La CorogneReal Madrid25 000 000 €Flavio Conceiçao
5%

Distribution des résultats

Percentile par nombre de réponses

% des personnes avec chaque résultat

Votre développement - résultats

Vous n’avez pas pris ce quiz depuis la dernière actualisation